[Event "Nordhausen op 13th"]
[Site "Nordhausen"]
[Date "2023.08.05"]
[Round "5"]
[White "Carnot, Luca"]
[Black "Besancon, Pascal"]
[Result "1-0"]
[WhiteElo "2061"]
[BlackElo "1884"]
[PlyCount "81"]
[EventDate "2023.08.03"]
[EventType "swiss"]
[EventRounds "7"]
[EventCountry "GER"]
[SourceTitle "CBM 215 Extra"]
[Source "ChessBase"]
[SourceDate "2023.09.30"]
[SourceVersion "1"]
[SourceVersionDate "2023.09.30"]
[SourceQuality "1"]

1. d4 d6 2. Nf3 Nd7 3. c4 e5 4. e4 Ngf6 5. Nc3 exd4 6. Nxd4 g6 7. Be2 Bg7 8. 0-0 0-0 9. Be3 Re8 10. f3 Nc5 11. Rc1 Ne6 12. Nc2 Nh5 13. f4 Nhxf4 14. Bxf4 Nxf4 15. Rxf4 Bh6 16. Rf1 Bxc1 17. Qxc1 c6 18. Qf4 Be6 19. Kh1 Qb6 20. b3 Qa5 21. Qf6 Qe5 22. Nd4 Qxf6 23. Rxf6 Rad8 24. Kg1 Kg7 25. Rf1 f6 26. Nxe6+ Rxe6 27. Rd1 a5 28. c5 Ree8 29. cxd6 Re6 30. d7 f5 31. exf5 Re3 32. Na4 gxf5 33. Bh5 Re5 34. Nb6 Rb5 35. Nc8 Kf6 36. Be8 a4 37. Nd6 Re5 38. Nxb7 Ke7 39. Nxd8 Kxd8 40. bxa4 Re4 41. Rb1 1-0

[Event "Innsbruck op 5th"]
[Site "Innsbruck"]
[Date "2021.08.22"]
[Round "2"]
[White "Carnot, Luca"]
[Black "Holzbauer, Johannes"]
[Result "1/2-1/2"]
[WhiteElo "2072"]
[BlackElo "1945"]
[PlyCount "128"]
[EventDate "2021.08.21"]
[EventType "swiss"]
[EventRounds "9"]
[EventCountry "AUT"]
[SourceTitle "CBM 204 Extra"]
[Source "ChessBase"]
[SourceDate "2021.11.30"]
[SourceVersion "1"]
[SourceVersionDate "2021.11.30"]
[SourceQuality "1"]

1. Nf3 d5 2. g3 g6 3. d4 Bg7 4. Bg2 Nf6 5. c4 c6 6. 0-0 0-0 7. Nc3 a6 8. cxd5 cxd5 9. Ne5 e6 10. a4 Nbd7 11. Bf4 Nh5 12. Nxd7 Qxd7 13. Be3 b6 14. Qb3 Qd6 15. Bf3 Bd7 16. Rfc1 b5 17. axb5 Qb6 18. Qa4 Rfc8 19. Qa5 Qxa5 20. Rxa5 axb5 21. Rca1 Rxa5 22. Rxa5 b4 23. Na2 Bf8 24. Nc1 Nf6 25. Nd3 Bc6 26. Bd2 Rb8 27. Ne5 Be8 28. Nd3 Ne4 29. Bf4 Rc8 30. Bxe4 dxe4 31. Nc5 Bxc5 32. dxc5 Bc6 33. Be5 Ra8 34. Rxa8+ Bxa8 35. Kf1 Kf8 36. Ke1 Ke7 37. Kd2 Kd7 38. Ke3 Kc6 39. Kd4 Bb7 40. Kc4 Ba6+ 41. Kxb4 Bxe2 42. Bd6 Kd5 43. Ka5 Kc6 44. Ka4 Bf1 45. Kb4 Ba6 46. Kc3 Kd5 47. Kd2 Kd4 48. b3 Bb5 49. Be7 f5 50. Kc2 e5 51. Kd2 Bc6 52. Bd6 Bb5 53. b4 Bc6 54. Kc2 Kc4 55. Bxe5 Kxb4 56. Bd4 Kc4 57. Be3 g5 58. Bxg5 Kxc5 59. Kd2 Kd5 60. Ke3 Ke5 61. Bh6 Kf6 62. Kf4 Kg6 63. Bf8 h5 64. Be7 Bb5 1/2-1/2

[Event "Bamberg op 2nd"]
[Site "Bamberg"]
[Date "2019.06.01"]
[Round "6"]
[White "Weishaeutel, Moritz"]
[Black "Carnot, Luca"]
[Result "1-0"]
[WhiteElo "2252"]
[BlackElo "2043"]
[PlyCount "51"]
[EventDate "2019.05.29"]
[EventType "swiss"]
[EventRounds "7"]
[EventCountry "GER"]
[SourceTitle "CBM 190 Extra"]
[Source "ChessBase"]
[SourceDate "2019.07.15"]
[SourceVersion "1"]
[SourceVersionDate "2019.07.15"]
[SourceQuality "1"]

1. e4 c5 2. Nf3 e6 3. d4 cxd4 4. Nxd4 a6 5. Bd3 Qc7 6. 0-0 Nf6 7. Qe2 d6 8. c4 Nbd7 9. f4 Be7 10. Nf3 e5 11. Nc3 0-0 12. h3 exf4 13. Bxf4 Ne5 14. Nxe5 dxe5 15. Bg5 Be6 16. Kh1 Ne8 17. Bxe7 Qxe7 18. Nd5 Qh4 19. Kh2 Rc8 20. Qe3 Bxd5 21. exd5 Nf6 22. Kg1 Rfe8 23. b3 b5 24. d6 Qd4 25. Qxd4 exd4 26. Rxf6 1-0

[Event "Bamberg op 2nd"]
[Site "Bamberg"]
[Date "2019.05.29"]
[Round "1"]
[White "Carnot, Luca"]
[Black "Hacker, Jonas"]
[Result "0-1"]
[WhiteElo "2043"]
[BlackElo "2386"]
[PlyCount "112"]
[EventDate "2019.05.29"]
[EventType "swiss"]
[EventRounds "7"]
[EventCountry "GER"]
[SourceTitle "CBM 190 Extra"]
[Source "ChessBase"]
[SourceDate "2019.07.15"]
[SourceVersion "1"]
[SourceVersionDate "2019.07.15"]
[SourceQuality "1"]

1. c4 e5 2. Nc3 Nf6 3. g3 d5 4. cxd5 Nxd5 5. Bg2 Nb6 6. Nf3 Nc6 7. 0-0 Be7 8. d3 0-0 9. Be3 f5 10. a4 a5 11. Bxb6 cxb6 12. Nd2 Be6 13. Nb5 Qd7 14. Nc4 Bxc4 15. dxc4 Rad8 16. Qd5+ Kh8 17. Qxd7 Rxd7 18. Rfd1 Rfd8 19. Bd5 Bc5 20. Nc3 g6 21. e3 Bb4 22. Rac1 Bxc3 23. bxc3 e4 24. Rb1 Ne5 25. Rdc1 Nd3 26. Rc2 Rd6 27. Rb5 Nc5 28. Ra2 g5 29. Rb1 Kg7 30. Kg2 g4 31. h3 h5 32. h4 Kf6 33. Kf1 Ke7 34. Ke2 R8d7 35. Rf1 Kd8 36. Kd2 Rc7 37. Kc2 Ke7 38. Kb2 Nd7 39. Kb3 Ne5 40. Raa1 Nd3 41. Rab1 Kd8 42. Rbd1 Nc5+ 43. Ka3 Ke7 44. Rb1 Nd3 45. Kb3 Rd8 46. Ka3 Ne5 47. Rfc1 Rdd7 48. Kb3 Rc5 49. Ka3 Rdc7 50. Rb3 Rd7 51. Rc2 Rd6 52. Bxb7 Nxc4+ 53. Ka2 Kd8 54. Ba6 Ne5 55. Rb5 Nd3 56. Rb3 Nb4+ 0-1

[Event "GER-chT Lands U20"]
[Site "Hannover"]
[Date "2017.10.03"]
[Round "5.3"]
[White "Carnot, Luca"]
[Black "Stork, Oliver"]
[Result "0-1"]
[WhiteElo "1932"]
[BlackElo "2115"]
[PlyCount "76"]
[EventDate "2017.09.29"]
[EventType "team-swiss"]
[EventRounds "7"]
[EventCountry "GER"]
[SourceTitle "EXT 2018"]
[Source "ChessBase"]
[SourceDate "2017.10.13"]
[SourceVersion "1"]
[SourceVersionDate "2017.10.13"]
[SourceQuality "1"]
[WhiteTeam "Thueringen U20"]
[BlackTeam "Hessen U20"]
[WhiteTeamCountry "GER"]
[BlackTeamCountry "GER"]

1. Nf3 Nf6 2. g3 d5 3. Bg2 e6 4. 0-0 Be7 5. d3 0-0 6. Nbd2 c5 7. e4 Nc6 8. Re1 dxe4 9. dxe4 b6 10. c3 Ba6 11. Qa4 Bb7 12. Nf1 Qc7 13. Bf4 e5 14. Bg5 Nd7 15. Bd2 a6 16. Ne3 b5 17. Qc2 Rad8 18. Rad1 c4 19. Nd5 Qb8 20. Be3 Bc5 21. Qc1 Qa7 22. Bxc5 Qxc5 23. Qg5 h6 24. Qh4 Nb6 25. Ne3 Na4 26. Rxd8 Rxd8 27. Nf5 Bc8 28. Qg4 Bxf5 29. exf5 f6 30. Re2 Rd1+ 31. Ne1 Nxb2 32. Qh5 Ne7 33. Bf3 Nd3 34. Qe8+ Kh7 35. Bh5 Rxe1+ 36. Rxe1 Qxf2+ 37. Kh1 Qxe1+ 38. Kg2 Qe4+ 0-1

[Event "GER-chT Lands U20"]
[Site "Hannover"]
[Date "2017.10.03"]
[Round "6.3"]
[White "Delere, Adrian"]
[Black "Carnot, Luca"]
[Result "0-1"]
[WhiteElo "1880"]
[BlackElo "1932"]
[PlyCount "54"]
[EventDate "2017.09.29"]
[EventType "team-swiss"]
[EventRounds "7"]
[EventCountry "GER"]
[SourceTitle "EXT 2018"]
[Source "ChessBase"]
[SourceDate "2017.10.13"]
[SourceVersion "1"]
[SourceVersionDate "2017.10.13"]
[SourceQuality "1"]
[WhiteTeam "Nordrhein Westfalen U20"]
[BlackTeam "Thueringen U20"]
[WhiteTeamCountry "GER"]
[BlackTeamCountry "GER"]

1. e4 c5 2. Nf3 Nc6 3. d4 cxd4 4. Nxd4 Nf6 5. Nc3 g6 6. Bc4 Bg7 7. Be3 0-0 8. Bb3 a5 9. f3 d5 10. Nxd5 Nxd5 11. Bxd5 Nxd4 12. Bxd4 Bxd4 13. Qxd4 e6 14. 0-0-0 exd5 15. Kb1 Qg5 16. exd5 Qxg2 17. d6 Bf5 18. Rc1 Bxc2+ 19. Ka1 Bf5 20. Rhg1 Qh3 21. Rg3 Qh6 22. f4 Qg7 23. Qd5 Rac8 24. Rc7 Qf6 25. Rgc3 Qe6 26. Qxb7 Qe1+ 27. Rc1 Qxc1+ 0-1

[Event "GER-chT Lands U20"]
[Site "Hannover"]
[Date "2017.10.02"]
[Round "4.3"]
[White "Biastoch, Bennet"]
[Black "Carnot, Luca"]
[Result "1/2-1/2"]
[WhiteElo "2102"]
[BlackElo "1932"]
[PlyCount "96"]
[EventDate "2017.09.29"]
[EventType "team-swiss"]
[EventRounds "7"]
[EventCountry "GER"]
[SourceTitle "EXT 2018"]
[Source "ChessBase"]
[SourceDate "2017.10.13"]
[SourceVersion "1"]
[SourceVersionDate "2017.10.13"]
[SourceQuality "1"]
[WhiteTeam "Sachsen Anhalt U20"]
[BlackTeam "Thueringen U20"]
[WhiteTeamCountry "GER"]
[BlackTeamCountry "GER"]

1. e4 c5 2. Nf3 Nc6 3. d4 cxd4 4. Nxd4 Nf6 5. Nc3 g6 6. Nb3 Bg7 7. Be2 0-0 8. 0-0 d6 9. Bg5 Be6 10. Re1 Qb6 11. Bf1 Rfc8 12. Qd2 h5 13. Nd5 Bxd5 14. exd5 Ne5 15. c3 a5 16. Be3 Qd8 17. a4 Kh7 18. Rad1 Nfg4 19. Bd4 Nh6 20. Bd3 Qd7 21. Re4 Nf5 22. Bb6 Nxd3 23. Qxd3 Ra6 24. Be3 Qd8 25. Nd4 Nxd4 26. Bxd4 Bxd4 27. Qxd4 Rc7 28. Rde1 Rd7 29. Qe3 Rb6 30. Re2 Kg8 31. h3 Rb3 32. Kh2 b5 33. axb5 Rxb5 34. c4 Rb4 35. Qc3 Rc7 36. g4 hxg4 37. Rxg4 Qf8 38. b3 Qg7 39. Qg3 a4 40. bxa4 Rxa4 41. Qb3 Raa7 42. h4 Rcb7 43. Qh3 Ra1 44. Rg1 Rxg1 45. Kxg1 Rb1+ 46. Kh2 Qa1 47. Qg2 Qf6 48. Qg4 Qa1 1/2-1/2

[Event "GER-chT Lands U20"]
[Site "Hannover"]
[Date "2017.09.30"]
[Round "1.3"]
[White "Carnot, Luca"]
[Black "Schulze, Lara"]
[Result "1-0"]
[WhiteElo "1932"]
[BlackElo "2106"]
[PlyCount "166"]
[EventDate "2017.09.29"]
[EventType "team-swiss"]
[EventRounds "7"]
[EventCountry "GER"]
[SourceTitle "EXT 2018"]
[Source "ChessBase"]
[SourceDate "2017.10.13"]
[SourceVersion "1"]
[SourceVersionDate "2017.10.13"]
[SourceQuality "1"]
[WhiteTeam "Thueringen U20"]
[BlackTeam "Niedersachsen U20"]
[WhiteTeamCountry "GER"]
[BlackTeamCountry "GER"]

1. Nf3 d5 2. g3 Bg4 3. Bg2 Nd7 4. d4 c6 5. 0-0 Ngf6 6. b3 Bxf3 7. exf3 e6 8. Re1 Bd6 9. f4 0-0 10. Qd3 g6 11. Bb2 Ne8 12. Nd2 Ng7 13. c4 Nf6 14. Rac1 Bb4 15. Re2 Bxd2 16. Qxd2 Qd7 17. Bf3 Nf5 18. Rd1 Rfd8 19. Qd3 h5 20. h3 Kg7 21. Kg2 b6 22. Rc2 Rac8 23. Qe2 a5 24. Qe1 Qc7 25. Bc3 Ra8 26. Ba1 Ne7 27. a3 a4 28. b4 dxc4 29. Rxc4 Nfd5 30. b5 Qd6 31. bxc6 Nxc6 32. Bb2 Kg8 33. Bc3 h4 34. Rb1 Nce7 35. Bb4 Nxb4 36. Bxa8 Nbd5 37. Bb7 Nf5 38. Kh2 hxg3+ 39. fxg3 Nde3 40. Rxa4 Qd7 41. Ra8 Rxa8 42. Bxa8 Qxd4 43. Rc1 Qb2+ 44. Kg1 Nc2 45. Qd2 Nfd4 46. Kf2 Qxa3 47. Be4 Qc5 48. Kg2 b5 49. h4 Qb4 50. Rxc2 Nxc2 51. Qxc2 f5 52. Bd3 Kf7 53. Qe2 Qd4 54. Bxb5 Qd5+ 55. Kh2 Kf6 56. Bc4 Qd6 57. Qb2+ Kf7 58. Qc3 Qb6 59. Kg2 Qc6+ 60. Kf2 Qc5+ 61. Ke2 Qc6 62. Qd3 Qg2+ 63. Kd1 Qg1+ 64. Kc2 Qa7 65. Kc3 Qa5+ 66. Kb3 Qb6+ 67. Bb5 Qc5 68. Qc4 Qe3+ 69. Qc3 Qe4 70. Qc7+ Kf6 71. Qd8+ Kg7 72. Qd7+ Kf6 73. Bc4 Qe3+ 74. Ka4 Qe4 75. Kb5 Qb1+ 76. Kc5 Qe1 77. Qxe6+ Qxe6 78. Bxe6 Kxe6 79. Kc6 Ke7 80. Kd5 Kf6 81. Kd6 Kg7 82. Ke5 Kh6 83. Kf6 Kh5 1-0